MARC details
| 000 -LEADER |
| campo de control de longitud fija |
01460nam a2200349 i 4500 |
| 001 - NÚMERO DE CONTROL |
| campo de control |
193729 |
| 003 - IDENTIFICADOR DE NÚMERO DE CONTROL |
| campo de control |
ES-MaACL |
| 005 - FECHA Y HORA DE LA ÚLTIMA TRANSACCIÓN |
| campo de control |
20240209063132.0 |
| 007 - CAMPO FIJO DE DESCRIPCIÓN FÍSICA--INFORMACIÓN GENERAL |
| campo de control de longitud fija |
ta |
| 008 - DATOS DE LONGITUD FIJA--INFORMACIÓN GENERAL |
| campo de control de longitud fija |
240207s1911||||fr a fre 000 0 fre d |
| 035 ## - NÚMERO DE CONTROL DEL SISTEMA |
| Número de control de sistema |
(OCoLC)459347481 |
| 035 ## - NÚMERO DE CONTROL DEL SISTEMA |
| Número de control de sistema |
SU038100010001P |
| 035 ## - NÚMERO DE CONTROL DEL SISTEMA |
| Número de control de sistema |
106235710 |
| 040 ## - FUENTE DE CATALOGACIÓN |
| Centro catalogador/agencia de origen |
ABES |
| Lengua de catalogación |
fre |
| Normas de descripción |
AFNOR |
| Centro/agencia transcriptor |
ES-MaACL |
| 100 1# - ENTRADA PRINCIPAL--NOMBRE DE PERSONA |
| Nombre de persona |
Duez, Georges, |
| Fechas asociadas al nombre |
18..-.... |
| 9 (RLIN) |
235098 |
| 245 10 - MENCIÓN DEL TÍTULO |
| Título |
Exploitation d'une usine centrale / |
| Mención de responsabilidad, etc. |
par M. Georges Duez,.... |
| 264 #1 - PRODUCCIÓN, PUBLICACIÓN, DISTRIBUCIÓN, FABRICACIÓN Y COPYRIGHT |
| Producción, publicación, distribución, fabricación y copyright |
Paris : |
| Nombre del de productor, editor, distribuidor, fabricante |
Librairie des Sciences et de l'Industrie : |
| -- |
L. Geisler, imprimeur-éditeur, |
| Fecha de producción, publicación, distribución, fabricación o copyright |
1911. |
| 300 ## - DESCRIPCIÓN FÍSICA |
| Extensión |
82 páginas : |
| Otras características físicas |
Ilustraciones, figuras ; |
| Dimensiones |
25 cm. |
| 336 ## - TIPO DE CONTENIDO |
| Código de tipo de contenido |
txt |
| Fuente |
rdacontent |
| Término de tipo de contenido |
texto |
| 337 ## - TIPO DE MEDIO |
| Código del tipo de medio |
n |
| Fuente |
rdamedia |
| Nombre/término del tipo de medio |
sin mediación |
| 337 ## - TIPO DE MEDIO |
| Código del tipo de medio |
n |
| Fuente |
isbdmedia |
| Nombre/término del tipo de medio |
sin mediación |
| 338 ## - TIPO DE SOPORTE |
| Código del tipo de soporte |
nga |
| Fuente |
RDAfrCarrier |
| Nombre/término del tipo de soporte |
volumen |
| 490 1# - MENCIÓN DE SERIE |
| Mención de serie |
Encyclopédie électrotechnique ; |
| Designación de volumen o secuencia |
40e Fascicule |
| 650 #4 - PUNTO DE ACCESO ADICIONAL DE MATERIA--TÉRMINO DE MATERIA |
| Término de materia o nombre geográfico como elemento de entrada |
Centrales eléctricas |
| Fuente del encabezamiento o término |
ram |
| 9 (RLIN) |
10882 |
| 760 0# - ENLACE A UNA SERIE PRINCIPAL |
| Título |
Encyclopédie électrotechnique / par un comité d'Ingénieurs spécialistes / M. F. Loppé,... |
| Lugar, editor y fecha de publicación |
Paris : L. Geisler, 1907?-1918 |
| Descripción física |
54 fasc. |
| Parte(s) relacionada(s) |
40 |
| Número de control del registro |
(ABES)139541152 |
| 830 ## - PUNTO DE ACCESO ADICIONAL DE SERIE-TÍTULO UNIFORME |
| 9 (RLIN) |
235039 |
| Título uniforme |
Encyclopédie électrotechnique |
| Designación de volumen o secuencia |
40 |
| 852 ## - LOCALIZACIÓN |
| Ubicación |
ES-MaACL |
| Sublocalización o colección |
R.M.8250 |
| Ubicación en estantería |
Sala Valle Inclán |
| Número de control de estantería |
D-8704 |
| Marcas de propiedad |
Sello en tinta en portada: "Ateneo de Madrid. Biblioteca" |
| itemnumber |
201263 |
| 886 2# - INFORMACIÓN DE CAMPO MARC FORÁNEO |
| 2 |
unimarc |
| a |
181 |
| -- |
i# |
| b |
xxxe## |
| 942 ## - ELEMENTOS DE ENTRADA SECUNDARIOS (KOHA) |
| Suprimir en OPAC |
No |
| Tipo de ítem Koha |
Libro impreso |